• 首页
  • 本馆介绍
  • 公告通知
  • 最新文献
  • 馆藏检索
  • 电子资源
  • 读者导购
  • 参考咨询
  • 我的图书馆
  • 登录
  • 详细信息显示
  • 放入我的书架
  • 预约/预借图书
  • 作者相关作品
  • 分类相关作品
  • 丛书相关作品
  • 出版社相关作品

书目信息

  • 表格格式
  • 工作单格式
  • 卡片格式
题名:
民族英烈传
    
 
作者: 王志之 著
分册: 一  
出版信息: 贵阳   贵州人民出版社  1981.10
页数: 368页
开本: 20cm
丛书名:
单 册:
中图分类: I247.43 , I247.4
科图分类:
主题词: 传记小说--中国--现代 , 小说--中国
电子资源:
ISBN:
000 00688nam0 2200265 45
001 0182009474
005 20030102215454.9
010    @dCNY1.40
091    @a10115.428
100    @a19950629f19821981em y0chiy0121 ea
101 0  @achi
102    @aCN@b520000
105    @ay z 000ad
106    @ar
200 10 @a民族英烈传@Amin zu ying lie zhuan@h一@f王志之著
210    @a贵阳@c贵州人民出版社@d1981.10
215    @a368页@d20cm
606    @a传记小说@y中国@z现代
606 0  @a小说@x中国
690    @aI247.43@v3
690    @aI247.4
701  0 @a王志之@Awang zhi zhi@4著
801  0 @aCN@b上海图书馆@c20030102
801  2 @aCN@bNLC@c20030102
905    @f2@b86886-887@dI247.4@e194:1
    
    民族英烈传.一/王志之著.-贵阳:贵州人民出版社,1981.10
    368页;20cm
    
    
    ISBN :CNY1.40
    
●
相关链接 在E读中查询图书 在五车中查询图书 在当当中查询图书 在豆瓣中查询图书


正题名:民族英烈传     索取号:I247.4/194:1         预约/预借

序号 登录号 条形码 馆藏地/架位号 状态 备注
1 0086886   000118615   第二借阅区/ [索取号:I247.4/194:1] 在馆    
2 0086887   000118624   第二借阅区/ [索取号:I247.4/194:1] 在馆    
3 0086888   000118606   第一样本阅览室/ [索取号:I247.4/194:1] 在馆    
唐山师范学院图书馆 欢迎您!
大连网信软件有限公司© 版权所有